Jeńcy wojenni i robotnicy przymusowi na terenie Głogówka podczas II wojny światowej
| Titel: | Jeńcy wojenni i robotnicy przymusowi na terenie Głogówka podczas II wojny światowej |
|---|---|
| Verfasser: | |
| In: |
Ziemia Prudnicka, (2005), Seite 30-34, fot. 1 alle Artikel anzeigen |
| Veröffentlicht: | 2005 |
| Format: | Aufsatz |
| Sprache: | Polnisch |
X
alg: 39450327 001A $01999:12-11-16 001B $01999:08-04-21 $t21:10:29.000 001D $01999:12-11-16 001U $0utf8 001X $00 002@ $0Aox 003@ $0394503279 007A $0394503279 $aHEB 007T $0Herdww028744 010@ $apol 011@ $a2005 021A $aJeńcy wojenni i robotnicy przymusowi na terenie Głogówka podczas II wojny światowej 027A $aDie Kriegsgefangenen und Zwangsarbeiter in Oberglogau während des Zweiten Weltkrieges 028A $aCiasnocha $dRoman 031A $h30-34, fot. 1 $j2005 039B $aIn $8--Abvc--. Ziemia Prudnicka. - Prudnik : Spółka Wydawn. "Aneks", 2002-. - ISSN 1642-977X $x200500000000000970 $9112106501 045F $a900.9438509043 $eDDC23BSB 045F/01 $a900 045F/03 $f09043 045F/03 $f09044 045F/03 $g4385 045T $a7,41 046C $aDie Kriegsgefangenen und Zwangsarbeiter in Oberglogau während des Zweiten Weltkrieges $bÜbers. des Hauptsacht. lok: 39450327 78 exp: 39450327 78 1 #EPN 201B/01 $024-04-24 $t13:16:00.000 201U/01 $0utf8 203@/01 $0790613697 208@/01 $a12-11-16 $be 209A/01 $a/ $f000 $x00 220C/01 $aTitelaufnehmer: EV 220C/01 $aHerkunft: IH UWr 244Z/01 $2Trx $#Silesia $#Śląsk $#Sliezsko $#Slezsko $8--Trx--Schlesien $x01 $9391173987 244Z/01 $#Oberglogau $75057306-8 $8--Tg1--Głogówek $x02 $9044719264 244Z/01 $aGeschichte 1940-1945 $x03 244Z/01 $2Trx $#sõjavangid $#karo belaisviai $#Prisoners of war $#háborús foglyok $#jeńcy wojenni $#zajatci vojenskí $#zajatci váleční $8--Trx--Kriegsgefangene $x04 $9391368540 244Z/01 $2Trx $#töö- ja vangilaagrid $#belaisvių ir internuotųjų stovyklos $#Labour and internment camps $#fogoly- és internálótábor $#obozy pracy i internowania $#tábory pracovné, zajatecké a internačné $#tábory pracovní, zajatecké a internační $#Gefangenenlager $#Internierungslager $#Arbeitslager $#tábory pracovné $#tábory pracovní $8--Trx--Arbeits-, Gefangenen- und Internierungslager $x05 $9391383205 244Z/01 $2Trx $#maailmasõda, teine 1939-1945 $#Antrasis pasaulinis karas 1939-1945 $#World War, Second 1939-1945 $#világháború. második 1939-1945 $#wojna światowa, druga 1939-1945 $#vojna svetová II. 1939-1945 $#válka druhá světová 1939-1945 $#Zweiter Weltkrieg $8--Trx--Weltkrieg, Zweiter$g1939-1945 $x06 $939138239X 244Z/01 $2Trx $#sunnitöö $#prievartinis darbas $#forced labour $#kényszermunka $#praca przymusowa $#práce nútené $#práce nucené $8--Trx--Zwangsarbeit $x07 $9391365940 244Z/01 $2Trx $8--Trx--Zeitschriftenaufsatz $x08 $9391384341 245Z/01 $a13.03 $x01 245Z/01 $a06.04.03 $x02 247C/01 $82080>Marburg/Lahn, Herder-Institut, Forschungsbibliothek, Bibliographieportal $9336309341
| LEADER | 00000caa a22000002c 4500 | ||
|---|---|---|---|
| 001 | 394503279 | ||
| 003 | DE-603 | ||
| 005 | 20210408211029.0 | ||
| 007 | tu | ||
| 008 | 161112s2005 xx |||| | u00||u|pol c | ||
| 035 | |a (DE-599)HEB394503279 | ||
| 040 | |a DE-603 |b ger |c DE-603 |d DE-603 | ||
| 041 | |a pol | ||
| 082 | 0 | 4 | |8 1\u |a 900.9438509043 |q DE-101 |2 23/BSB |
| 084 | |a 7,41 |2 ssgn | ||
| 085 | |8 1\u |b 900 | ||
| 085 | |8 1\u |z 1 |s 09043 | ||
| 085 | |8 1\u |z 1 |s 09044 | ||
| 085 | |8 1\u |z 2 |s 4385 | ||
| 100 | 1 | |a Ciasnocha, Roman | |
| 245 | 0 | 0 | |a Jeńcy wojenni i robotnicy przymusowi na terenie Głogówka podczas II wojny światowej |
| 246 | 1 | |i Übers. des Hauptsacht. |a Die Kriegsgefangenen und Zwangsarbeiter in Oberglogau während des Zweiten Weltkrieges | |
| 246 | 1 | 3 | |a Die Kriegsgefangenen und Zwangsarbeiter in Oberglogau während des Zweiten Weltkrieges |
| 264 | 0 | |c 2005 | |
| 773 | 0 | 8 | |i In |t Ziemia Prudnicka |d Prudnik : Spółka Wydawn. "Aneks", 2002- |x 1642-977X |g (2005), Seite 30-34, fot. 1 |w (DE-603)112106501 |w (DE-600)2111590-4 |
| 924 | 0 | |9 2080 |a (DE-603)790613697 |b DE-2080 |c HES |d d |g / | |


